000
00491nam a2200181Ia 4500
008
100917s9999 xx 000 0 und d
082
_b
49743
100
_a
काळे विमल
245
_a
मुकुलिता
260
_b
इंद्रायणी साहित्य
_c
1980
300
_a
60
365
_b
8
520
_a
कविता
630
_a
मुकुलिता
650
_a
कविता
730
_a
मुकुलिता
942
_c
BOOK
999
_c
655137
_d
655134